|
|
|
|
| LEADER |
00000nam a22000007a 4500 |
| 005 |
20130215104519.0 |
| 007 |
cr|||| |||| |
| 008 |
130215e2007 it |||||s|||| 00| 0 ita d |
| 020 |
|
|
|a 8884226074
|
| 035 |
|
|
|a 6800
|
| 040 |
|
|
|a vLex
|
| 090 |
|
|
|c 3648
|d 3648
|
| 100 |
1 |
0 |
|a Morselli, Alessandro
|
| 245 |
1 |
0 |
|a Storia dell’Unione Monetaria Europea
|h [Recurso electrn̤ico]
|
| 256 |
|
|
|a Servicio en ln̕ea
|
| 260 |
|
|
|a Bari :
|b Cacucci Editore,
|c 2007
|
| 300 |
|
|
|a 1 Recurso electrn̤ico
|
| 650 |
0 |
4 |
|a Derecho comunitario
|
| 650 |
0 |
4 |
|a Unin̤ Monetaria Europea
|
| 740 |
|
|
|a vLex Libros (Servicio en ln̕ea)
|
| 856 |
|
|
|a Acceso restringido
|u http://www.vlex.com/source/6800
|
| 942 |
|
|
|c BOOK
|
| 999 |
|
0 |
|a European Union
|